Everything Dinosaurs : (Record no. 6565)

MARC details
000 -LEADER
fixed length control field 00975nam a22002417a 4500
001 - CONTROL NUMBER
control field 6565
003 - CONTROL NUMBER IDENTIFIER
control field FISKH
005 - DATE AND TIME OF LATEST TRANSACTION
control field 20250512100436.0
008 - FIXED-LENGTH DATA ELEMENTS--GENERAL INFORMATION
fixed length control field 250512b cb ||||| |||| 00| 0 eng d
020 ## - INTERNATIONAL STANDARD BOOK NUMBER
International Standard Book Number 9780545697002
040 ## - CATALOGING SOURCE
Original cataloging agency FISKH
Language of cataloging eng
Transcribing agency FISKH
Modifying agency FISKH
050 ## - LIBRARY OF CONGRESS CALL NUMBER
Classification number QE861 .H63
082 ## - DEWEY DECIMAL CLASSIFICATION NUMBER
Classification number 567.9
100 ## - MAIN ENTRY--PERSONAL NAME
Personal name Hoena, Blake
245 ## - TITLE STATEMENT
Title Everything Dinosaurs :
Remainder of title Chomp on tons of earthshaking facts and fun ! /
Statement of responsibility, etc. By Blake Hoena with National Geographic Explorer Paul Sereno ; Illustrations by Franco Tempesta
260 ## - PUBLICATION, DISTRIBUTION, ETC.
Place of publication, distribution, etc. New York :
Name of publisher, distributor, etc. Scholastic,
Date of publication, distribution, etc. 2014
300 ## - PHYSICAL DESCRIPTION
Extent 64 pages :
Other physical details color illustrations ;
Dimensions 25 cm
520 ## - SUMMARY, ETC.
Summary, etc. Explores the world of dinosaurs, examining fossil remains and explaining how scientists use them to determine what dinosaurs ate, how they raised their young, and how they may have become extinct.
650 ## - SUBJECT ADDED ENTRY--TOPICAL TERM
Topical term or geographic name entry element National Geographic
Form subdivision Education
700 ## - ADDED ENTRY--PERSONAL NAME
Personal name Tempesta, Franco
Relator term illustrator
942 ## - ADDED ENTRY ELEMENTS (KOHA)
Source of classification or shelving scheme Dewey Decimal Classification
Koha item type Books
Suppress in OPAC No
Holdings
Withdrawn status Lost status Source of classification or shelving scheme Damaged status Not for loan Collection Home library Current library Shelving location Date acquired Total Checkouts Full call number Barcode Date last seen Copy number Price effective from Koha item type
    Dewey Decimal Classification     Non-Fiction Footprints International School Library Network Toul Kork Campus Footprints International School Library Network Toul Kork Campus A TK Campus, 4th Floor, Room B401, Non-Fiction Bookcases(7-8) 05/12/2025   HOE 567.9 QE861 .H63 FISTK04440 05/12/2025 1 05/12/2025 Books